000 00198 a2200097 4500
020 _a059063917x
041 _aeng
100 _aBarbara Park
245 _aJunie B.Jones is a party animal
942 _cBK
999 _c28906
_d28906